000 01207nam a2200325 i 4500
003 EG-GICUC
005 20260121101409.0
008 251201s1969 |||||||fr|||| 000 0 ara d
017 _a1969/3672
040 _a EG-GICUC
_bara
_c EG-GICUC
_d EG-GICUC
_erda
041 _aara
082 0 4 _221
_a343.3062
_bم ح . ت
092 0 4 _221
099 _aLaw1 10 343.3062 م ح . ت 1969
100 0 _aمحمود محمود مصطفى
_eمؤلف.
245 1 0 _aتطور قانون الأجراءات الجنائية في مصر وغيرها من الدول العربية /
_cالدكتور محمود محمود مصطفى.
250 _aالطبعة الاولى
264 1 _aالقاهرة :
_bدار النهضة العربية,
_c1969.
300 _a148 صفحة ؛
_c24 سم
336 _2rda content
_atext
337 _2rda media
_aComputer
338 _2rda carrier
_aOnline Resource
546 _aالنص باللغة العربية
650 1 4 _aقانون الإجراءات الجنائية
_2qrmak
650 1 4 _aالقانون الجنائي
651 1 _2qrmak
856 4 0 _uhttps://fll.law.cu.edu.eg/fulltext/bks/B10-05650.pdf
905 _a5
_eHassnaa
942 _2ddc
_cBK
_e21
_n0
999 _c47533
_d47533